000 00430nam a2200097Ia 4500
008 180130s9999 xx 000 0 und d
245 _cRosner, Yael
_aPlaying in the shadow of the Holocaust: memories from a hiding place - a personal testimony
260 _c2014
300 _aBook title: Play : psychoanalytic perspectives, survival and human development--Acession number C18636; pages 91-102
650 _aPLAY--PSYCHOLOGICAL ASPECTS
999 _c354508
_d354508